<?xml version="1.0" encoding="UTF-8"?>
<record
    xmlns:xsi="http://www.w3.org/2001/XMLSchema-instance"
    xsi:schemaLocation="http://www.loc.gov/MARC21/slim http://www.loc.gov/standards/marcxml/schema/MARC21slim.xsd"
    xmlns="http://www.loc.gov/MARC21/slim">

  <leader>00670nam a2200181Ia 4500</leader>
  <controlfield tag="008">090124s9999    xx            000 0 und d</controlfield>
  <datafield tag="082" ind1=" " ind2=" ">
    <subfield code="b">134033</subfield>
    <subfield code="a">103689</subfield>
  </datafield>
  <datafield tag="100" ind1=" " ind2=" ">
    <subfield code="a">&#x92A;&#x93E;&#x902;&#x921;&#x947; &#x92D;&#x93E;&#x930;&#x924;&#x940;</subfield>
  </datafield>
  <datafield tag="245" ind1=" " ind2=" ">
    <subfield code="a"> &#x939;&#x93E; &#x936;&#x94B;&#x927; &#x935;&#x947;&#x917;&#x933;&#x93E; ( &#x92A;&#x94D;&#x930;&#x935;&#x91A;&#x928; &#x938;&#x902;&#x917;&#x94D;&#x930;&#x939; )</subfield>
  </datafield>
  <datafield tag="250" ind1=" " ind2=" ">
    <subfield code="a">1</subfield>
  </datafield>
  <datafield tag="260" ind1=" " ind2=" ">
    <subfield code="b">&#x913;&#x936;&#x94B; (&#x930;&#x91C;&#x928;&#x940;&#x936;)</subfield>
    <subfield code="c">2006</subfield>
  </datafield>
  <datafield tag="300" ind1=" " ind2=" ">
    <subfield code="a">147</subfield>
  </datafield>
  <datafield tag="600" ind1=" " ind2=" ">
    <subfield code="a">&#x92A;&#x93E;&#x902;&#x921;&#x947; &#x92D;&#x93E;&#x930;&#x924;&#x940;</subfield>
  </datafield>
  <datafield tag="630" ind1=" " ind2=" ">
    <subfield code="a"> &#x939;&#x93E; &#x936;&#x94B;&#x927; &#x935;&#x947;&#x917;&#x933;&#x93E; ( &#x92A;&#x94D;&#x930;&#x935;&#x91A;&#x928; &#x938;&#x902;&#x917;&#x94D;&#x930;&#x939; )</subfield>
  </datafield>
  <datafield tag="700" ind1=" " ind2=" ">
    <subfield code="a">&#x92A;&#x93E;&#x902;&#x921;&#x947; &#x92D;&#x93E;&#x930;&#x924;&#x940;</subfield>
  </datafield>
  <datafield tag="730" ind1=" " ind2=" ">
    <subfield code="a"> &#x939;&#x93E; &#x936;&#x94B;&#x927; &#x935;&#x947;&#x917;&#x933;&#x93E; ( &#x92A;&#x94D;&#x930;&#x935;&#x91A;&#x928; &#x938;&#x902;&#x917;&#x94D;&#x930;&#x939; )</subfield>
  </datafield>
  <datafield tag="942" ind1=" " ind2=" ">
    <subfield code="c">BOOK</subfield>
  </datafield>
  <datafield tag="999" ind1=" " ind2=" ">
    <subfield code="c">181168</subfield>
    <subfield code="d">181168</subfield>
  </datafield>
  <datafield tag="952" ind1=" " ind2=" ">
    <subfield code="0">0</subfield>
    <subfield code="1">0</subfield>
    <subfield code="4">0</subfield>
    <subfield code="7">0</subfield>
    <subfield code="a">THNMGS</subfield>
    <subfield code="b">THNMGS</subfield>
    <subfield code="d">0000-00-00</subfield>
    <subfield code="g">120.00</subfield>
    <subfield code="l">0</subfield>
    <subfield code="o">134033</subfield>
    <subfield code="p">THNMGS-134033</subfield>
    <subfield code="r">2009-01-24 00:00:00</subfield>
    <subfield code="v">120.00</subfield>
    <subfield code="w">2009-01-24</subfield>
    <subfield code="y">BOOK</subfield>
  </datafield>
</record>
